Fundamentos de la investigación social
Salvato in:
| Autore principale: | |
|---|---|
| Natura: | Libro |
| Lingua: | spagnolo |
| Pubblicazione: |
Ciudad de México
Thomson
2000
|
| Serie: | Ciencias Sociales, Humanidades
|
| Soggetti: | |
| Tags: |
Aggiungi Tag
Nessun Tag, puoi essere il primo ad aggiungerne!!
|
MARC
| LEADER | 00000nam a2200000 a 4500 | ||
|---|---|---|---|
| 001 | UCL6986 | ||
| 003 | CL-VaPUC | ||
| 005 | 20231006150229.0 | ||
| 008 | 040423e20000000MX |||||||||||||||||spa|d | ||
| 999 | |c 308859 |d 308857 | ||
| 020 | |a 9706860029 | ||
| 040 | |c Pontificia Universidad Católica de Valparaíso | ||
| 082 | 0 | 4 | |a 300.72 |b BAB |2 21 |
| 100 | 0 | |a Babbie, Earl R |e author |9 484678 | |
| 245 | 1 | 0 | |a Fundamentos de la investigación social |
| 260 | |a Ciudad de México |b Thomson |c 2000 | ||
| 300 | |a 473 p | ||
| 490 | 0 | |a Ciencias Sociales, Humanidades | |
| 583 | |a last modification |c 20040423 00:00:00 |k Rodrigo Vera | ||
| 650 | 0 | |a Ciencias sociales |v Investigación |9 307767 | |
| 650 | 0 | |a Investigación social |9 884963 |x Metodología | |
| 650 | 0 | |a Investigación científica |9 881445 | |
| 650 | 0 | |a Muestreo (Estadística) |9 270232 | |
| 942 | |c BK |2 ddc | ||
| 945 | |d 20040423 00:00:00 |a cmena | ||
| 952 | |0 0 |1 0 |4 0 |6 300_720000000000000_BAB_2000 |7 0 |8 R |9 375764 |a BIBENE |b BIBENE |d 2019-11-21 |i 4011104 |o 300.72 BAB 2000 |p 4011104 |r 2025-01-15 |w 2019-11-21 |y BK_R |k ICO | ||